Datum a čas kvízu
31
Celkem bodů
Celkový počet nahraných bodů na tomto kvízu bez doplňovacích otázek.
5.
Pořadí na kvízu
Konečné umístění týmu na tomto kvízu.
Zaznamenané odpovědi
| # | Otázka | Odpověď | Body | Výsledky |
|---|---|---|---|---|
| 1. | Minulý týden informovala Fakul... | o základní kámen | 0 | |
| 2. | Charitativní obchůdek v anglic... | erotické pomůcky | 1 | |
| 3. | V rámci festivalu Prague Sound... | Richard Müller, David Koller | 0.5 | |
| 4. | V pátek byl v Praze, při příle... | Belgie | 1 | |
| 5. | Která 40letá úspěšná lyžařka o... | Lindsey Vonn | 1 | |
| 6. | Většina z nás se v dětství uči... | salmiak | 0 | |
| 7. | Který z těchto smyslů je u člo... | sluch (z ucha) | 1 | |
| 8. | U kterého z následujících živo... | B | 1 | |
| 9. | Těsné propojení čichu a chuti... | A | 1 | |
| 10. | Buňky v sítnici lidského oka c... | tyčinky | 1 |